Super Animal Royale Weapons. - Statistics

General Stats
  • This quiz has been taken 24 times
    22 since last reset
  • The average score is 10 of 15
Answer Stats
Answer % Correct
AK-47
85%
M16
85%
Pistol
85%
Dogna's Dart Gun
77%
Jag-7
77%
Minigun
77%
Shotgun
77%
SMG
77%
Dual Pistol
69%
Bow and Sparrow
62%
Sniper
62%
Silenced Pistol
54%
Thomas Gun
54%
Hunting Rifle
46%
Sparrow Crossbow
8%
No matching quizzes found
Score Distribution
Percent of People with Each Score
Percentile by Number Answered
Your Score History
You have not taken this quiz since the last reset